Normal view
MARC view
- Belokrenit︠s︡kiĭ, V. I︠A︡.
Entry Personal Name
001 - CONTROL NUMBER
- control field: 383
003 - CONTROL NUMBER IDENTIFIER
- control field: NUST
005 - DATE AND TIME OF LATEST TRANSACTION
- control field: 20170510204159.0
008 - FIXED-LENGTH DATA ELEMENTS
- fixed length control field: 170510|| aca||aabn | a|a d
040 ## - CATALOGING SOURCE
- Original cataloging agency: NUST
- Transcribing agency: NUST
100 ## - HEADING--PERSONAL NAME
- Personal name: Belokrenit︠s︡kiĭ, V. I︠A︡.
- Fuller form of name: (Vi︠a︡cheslav I︠A︡kovlevich)
670 ## - SOURCE DATA FOUND
- Source citation: Work cat.: (NUST)3463: Belokrenit︠s︡kiĭ, V. I︠A︡. (Vi︠a︡cheslav I︠A︡kovlevich), A political history of Pakistan, 1947-2007 /, 2013
